000 00567nam a2200181Ia 4500
008 090630s9999 xx 000 0 und d
082 _b15975
100 _aभसे पोपटराव.
245 _aप्रारब्ध.
_cभसे पोपटराव.
260 _bशांती - पुणे.
300 _a239
600 _aभसे पोपटराव.
630 _aप्रारब्ध.
655 _aकादंबरी.
700 _aभसे पोपटराव.
730 _aप्रारब्ध.
942 _cBOOK
999 _c267831
_d267831